Артист - это навсегда!

Bibliografiske detaljer
Hovedforfatter: Винокур В. Владимир
Summary:Известный артист эстрады Владимир Винокур, чей яркий, самобытный талант пленил сердца многочисленных почитателей, рассказывает о судьбе, творческом становлении, о близких и друзьях, среди которых немало знаменитых актеров, писателей, музыкантов.
Sprog:russisk
Udgivet: Москва, Центрполиграф, 2001
Fag:
Format: MixedMaterials Bog
KOHA link:https://koha.lib.tpu.ru/cgi-bin/koha/opac-detail.pl?biblionumber=81619

MARC

LEADER 00000nam0a2200000 4500
001 81619
005 20231031095236.0
010 |a 5227001294 
035 |a (RuTPU)RU\TPU\book\87728 
090 |a 81619 
100 |a 20050922d2001 m y0rusy50 ca 
101 0 |a rus 
102 |a RU 
105 |a ac z 000aa 
200 1 |a Артист - это навсегда!  |f В. Винокур 
210 |a Москва  |c Центрполиграф  |d 2001 
215 |a 292 с.  |c ил. 
330 |a Известный артист эстрады Владимир Винокур, чей яркий, самобытный талант пленил сердца многочисленных почитателей, рассказывает о судьбе, творческом становлении, о близких и друзьях, среди которых немало знаменитых актеров, писателей, музыкантов. 
610 1 |a театр 
610 1 |a эстрада 
610 1 |a музыкальные программы 
610 1 |a артисты 
610 1 |a воспоминания 
675 |a 792.7  |v 3 
700 1 |a Винокур  |b В.  |g Владимир 
801 1 |a RU  |b 63413507  |c 20050922  |g PSBO 
801 2 |a RU  |b 63413507  |c 20051025  |g PSBO 
942 |c BK